Combien de ville de la Vienne (86) connais-tu ? - Statistiques

Statistiques générales
  • Ce quiz a été pris 684 fois
  • Le résultat moyen est 38 sur 266
Statistiques - réponses
Code postal Ville % Correct
86021 Poitiers
90%
86100 Châtellerault
74%
86200 Loudun
64%
86180 Buxerolles
59%
86963 Chasseneuil-du-Poitou
59%
86300 Chauvigny
59%
86500 Montmorillon
56%
86280 Saint-Benoît
56%
86130 Jaunay-Marigny
49%
86400 Civray
46%
86600 Lusignan
46%
86370 Vivonne
46%
86240 Fontaine-le-Comte
44%
86000 Vouneuil-sous-Biard
44%
86240 Iteuil
41%
86240 Ligugé
41%
86320 Lussac-les-Châteaux
41%
86530 Naintré
41%
86190 Vouillé
41%
86580 Biard
38%
86130 Dissay
38%
86170 Neuville-de-Poitou
38%
86310 Saint-Savin
38%
86440 Migné-Auxances
36%
86130 Saint-Georges-lès-Baillargeaux
36%
86170 Avanton
33%
86160 Gençay
33%
86360 Montamisé
33%
86550 Mignaloux-Beauvoir
31%
86270 La Roche-Posay
28%
86110 Mirebeau
28%
86190 Quinçay
28%
86800 Saint-Julien-l'Ars
28%
86240 Smarves
28%
86210 Vouneuil-sur-Vienne
28%
86260 Angles-sur-l'Anglin
26%
86190 Béruges
26%
86320 Civaux
26%
86340 Nieuil-l'Espoir
26%
86340 Nouaillé-Maupertuis
26%
86150 Queaux
26%
86310 Antigny
23%
86490 Beaumont Saint-Cyr
23%
86300 Bonnes
23%
86190 Latillé
23%
86140 Lencloître
23%
86230 Saint-Gervais-les-Trois-Clochers
23%
86380 Saint-Martin-la-Pallu
23%
86300 Valdivienne
23%
86190 Ayron
21%
86250 Charroux
21%
86170 Cissé
21%
86240 Croutelle
21%
86220 Dangé-Saint-Romain
21%
86220 Ingrandes
21%
86150 L'Isle-Jourdain
21%
86330 Moncontour
21%
86700 Romagne
21%
86480 Rouillé
21%
86540 Thuré
21%
86430 Adriers
18%
86330 Angliers
18%
86210 Archigny
18%
86490 Colombiers
18%
86600 Coulombiers
18%
86110 Coussay
18%
86410 Dienné
18%
86800 Jardres
18%
86220 Les Ormes
18%
86410 Lhommaizé
18%
86320 Persac
18%
86450 Pleumartin
18%
86600 Saint-Sauvant
18%
86700 Valence-en-Poitou
18%
86410 Verrières
18%
86170 Vouzailles
18%
86700 Anché
15%
86470 Boivre-la-Vallée
15%
86210 Bonneuil-Matours
15%
86370 Château-Larcher
15%
86190 Chiré-en-Montreuil
15%
86340 Fleuré
15%
86320 Gouex
15%
86210 La Chapelle-Moulière
15%
86260 La Puye
15%
86290 La Trimouille
15%
86340 La Villedieu-du-Clain
15%
86120 Les Trois-Moutiers
15%
86370 Marçay
15%
86460 Pressac
15%
86800 Sèvres-Anxaumont
15%
86350 Usson-du-Poitou
15%
86700 Voulon
15%
86170 Yversay
15%
86100 Antran
13%
86530 Cenon-sur-Vienne
13%
86380 Chabournay
13%
86110 Chouppes
13%
86140 Doussay
13%
86340 Gizay
13%
86310 Haims
13%
86600 Jazeneuil
13%
86250 La Chapelle-Bâton
13%
86390 Lathus-Saint-Rémy
13%
86150 Le Vigeant
13%
86160 Marnay
13%
86460 Mauprévoir
13%
86320 Mazerolles
13%
86420 Monts-sur-Guesnes
13%
86150 Moussac
13%
86380 Ouzilly
13%
86220 Port-de-Piles
13%
86350 Saint-Martin-l'Ars
13%
86160 Saint-Maurice-la-Clouère
13%
86140 Scorbé-Clairvaux
13%
86320 Sillars
13%
86800 Tercé
13%
86420 Verrue
13%
86260 Vicq-sur-Gartempe
13%
86340 Aslonnes
10%
86530 Availles-en-Châtellerault
10%
86310 Béthines
10%
86800 Bignoux
10%
86510 Brux
10%
37160 Buxeuil
10%
0 Chalandray
10%
86450 Chenevelles
10%
86500 Jouhet
10%
86290 Journet
10%
86200 La Roche-Rigault
10%
86800 Lavoux
10%
86290 Liglet
10%
86160 Magné
10%
86190 Maillé
10%
86210 Monthoiron
10%
86350 Payroux
10%
86500 Pindray
10%
86800 Pouillé
10%
86140 Saint-Genest-d'Ambière
10%
86310 Saint-Germain
10%
86290 Saint-Léomer
10%
86260 Saint-Pierre-de-Maillé
10%
86400 Saint-Saviol
10%
86200 Sammarçolles
10%
86600 Sanxay
10%
86160 Sommières-du-Clain
10%
86110 Thurageau
10%
86190 Villiers
10%
86420 Berthegon
8%
86410 Bouresse
8%
86160 Brion
8%
86600 Celle-Lévescault
8%
86160 Champagné-Saint-Hilaire
8%
86170 Champigny en Rochereau
8%
86250 Chatain
8%
86350 Château-Garnier
8%
86510 Chaunay
8%
86600 Cloué
8%
86270 Coussay-les-Bois
8%
86110 Cuhon
8%
86300 Fleix
8%
86190 Frozes
8%
86250 Genouillé
8%
86200 Glénouze
8%
86350 Joussé
8%
86160 La Ferrière-Airoux
8%
86400 Linazay
8%
86800 Liniers
8%
86150 Millac
8%
86230 Mondion
8%
86310 Nalliers
8%
86120 Roiffé
8%
86300 Sainte-Radégonde
8%
86330 Saint-Jean-de-Sauves
8%
86500 Saulgé
8%
86800 Savigny-Lévescault
8%
86250 Surin
8%
86230 Vellèches
8%
86340 Vernon
8%
86310 Villemort
8%
86110 Amberre
5%
86200 Arçay
5%
86250 Asnois
5%
86460 Availles-Limouzine
5%
86200 Basses
5%
86210 Bellefonds
5%
86120 Beuxes
5%
86400 Blanzay
5%
86290 Brigueil-le-Chantre
5%
86200 Ceaux-en-Loudun
5%
86140 Cernay
5%
86510 Champagné-le-Sec
5%
86400 Champniers
5%
86300 Chapelle-Viviers
5%
86290 Coulonges
5%
86600 Curzay-sur-Vonne
5%
86420 Guesnes
5%
86450 Leigné-les-Bois
5%
86300 Leignes-sur-Fontaine
5%
86230 Leigné-sur-Usseau
5%
86270 Lésigny
5%
86430 Luchapt
5%
86270 Mairé
5%
86170 Maisonneuve
5%
86370 Marigny-Chemereau
5%
86170 Massognes
5%
86110 Mazeuil
5%
86200 Messemé
5%
86500 Moulismes
5%
86430 Mouterre-sur-Blourde
5%
86150 Nérignac
5%
86220 Oyré
5%
86300 Paizay-le-Sec
5%
86200 Pouant
5%
86200 Ranton
5%
86340 Roches-Prémarie-Andillé
5%
86330 Saint-Clair
5%
86400 Saint-Macoux
5%
86350 Saint-Secondin
5%
86400 Savigné
5%
86230 Sérigny
5%
86230 Sossais
5%
86220 Vaux-sur-Vienne
5%
86430 Asnières-sur-Blour
3%
86330 Aulnay
3%
86120 Berrie
3%
86390 Bourg-Archambault
3%
86120 Bournand
3%
86200 Chalais
3%
86170 Cherves
3%
86110 Craon
3%
86120 Curçay-sur-Dive
3%
86220 Leugny
3%
86400 Lizant
3%
86330 Martaizé
3%
86200 Maulay
3%
86120 Morton
3%
86200 Mouterre-Silly
3%
86230 Orches
3%
86500 Plaisance
3%
86120 Pouançay
3%
86420 Prinçay
3%
86120 Raslay
3%
86230 Saint-Christophe
3%
86400 Saint-Gaudent
3%
86200 Saint-Laon
3%
86410 Saint-Laurent-de-Jourdes
3%
86400 Saint-Pierre-d'Exideuil
3%
86220 Saint-Rémy-sur-Creuse
3%
86250 Saint-Romain
3%
86420 Saires
3%
0 Saix
3%
86140 Savigny-sous-Faye
3%
86100 Senillé-Saint-Sauveur
3%
86120 Ternay
3%
86290 Thollet
3%
86230 Usseau
3%
86120 Vézières
3%
86400 Voulême
3%
86420 Dercé
0%
86310 La Bussière
0%
86330 La Chaussée
0%
86330 La Grimaudière
0%
86300 Lauthiers
0%
86200 Nueil-sous-Faye
0%
86120 Saint-Léger-de-Montbrillais
0%
Aucun quiz correspondant
Distribution des résultats
% des personnes avec chaque résultat
Percentile par nombre de réponses
Votre historique - résultats
Vous n’avez pas pris ce quiz